El Trabajo manual educativo : memoria : leía en la segunda Asamblea Nacional de los Amigos de la Enseñanza, celebrada en Barcelona en Enero de 1904 / [José Udina y Cortiles] memoria :

per Udina i Cortiles, Josep

Publicat: Barcelona : [s.n.] , 1904
Descripció física: p. 226-241 ; 21 cm

MARC

LEADER 00000nam a2200000Ia 4500
001 RF-16-37
008 160829s1904 xx 000 0 cat d
080 |a 23070 
100 |a Udina i Cortiles, Josep  |9 41399 
245 |a El Trabajo manual educativo :  |b  memoria :  |b  leía en la segunda Asamblea Nacional de los Amigos de la Enseñanza, celebrada en Barcelona en Enero de 1904 / [José Udina y Cortiles] 
260 |a Barcelona :  |b [s.n.],  |c 1904 
300 |a p. 226-241 ;  |c 21 cm 
590 |a Separata de: La Escuela Moderna.  
590 |a Prové de la caixeta de Casa de Caritat, any 1878, núm. 2158, exp. 2162 
650 0 |a Treballs manuals (Ensenyament)  |9 41398 
856 4 |u https://media.diba.cat/diba/fitxers/arxiu/fulletons/bib_23070_1904_baixa.pdf  |y Accés lliure 
856 4 |u https://media.diba.cat/diba/fitxers/arxiu/fulletons/bib_23070_1904_baixa.pdf  |y Accés lliure 
901 |a Arxiu 
942 |n 1  |2 udc 
952 |0 0  |1 0  |4 0  |6 23070  |7 1  |9 55135  |a Arxiu  |b Arxiu  |d 2016-12-01  |l 0  |o 23070  |p RF-16-37  |r 2016-12-01 00:00:00  |w 2016-12-01  |y ARXIU 
999 |c 59007  |d 59007 
900 |a bib_23070_1904_baixa.pdf